000 00310nam a2200109 4500
999 _c13494
_d13494
008 190327b ||||| |||| 00| 0 eng d
245 _aWorldwide clean world event for climate change.
260 _aDavao City
_bSun Star Davao
_cc2018
300 _apage 6.
650 0 _937736
_aClimate change.
942 _2ddc
_cPER